|
|
|
|
| LEADER |
00000nab a2200000 a 4500 |
| 001 |
vtls010703749 |
| 003 |
SK-MaSNL |
| 005 |
20260304195029.0 |
| 008 |
250709s1963 xo |||||||||||||||||slo| |
| 035 |
|
|
|a (urnnbn)urn:nbn:sk:snk:ar-a03wj7
|
| 035 |
|
|
|a (uuid)23a1903a-9ea9-476b-9a26-c352761fab87
|
| 035 |
|
|
|a urn:nbn:sk:snk-ab38oq
|
| 040 |
|
|
|a SNKBUCL
|b slo
|c SNKBUCL
|e AACR2
|
| 041 |
0 |
|
|a slo
|
| 044 |
|
|
|a xo
|c SK
|
| 100 |
1 |
|
|a Krajčíová, J.
|4 aut
|9 1147732
|
| 245 |
1 |
0 |
|a Vysokokmitočtový súosový kábel s dištančným prvkom tvaru izolačných rúrok
|c J. Krajčíová
|
| 773 |
0 |
|
|t Bulletin VÚKI
|g Roč. 16, č. 4 (1963), s. 203-204
|
| 850 |
|
|
|a Slovenská národná knižnica
|
| 852 |
|
|
|a Slovenská národná knižnica
|
| 958 |
|
|
|a article1
|
| 958 |
|
|
|a OND
|
| 999 |
|
|
|c 3078629
|d 3080559
|